Naším krajem - Vlastivědné čtení o jihozápadní Moravě
| Format: | Serial |
|---|---|
| Language: | English |
| Published: |
Třebíč
Západomoravské museum
|
MARC
| LEADER | 00000nas a2200000 a 4500 | ||
|---|---|---|---|
| 001 | vtls009473235 | ||
| 003 | SK-MaSNL | ||
| 005 | 20260221124721.0 | ||
| 008 | 090216c mr1 0 0eng d | ||
| 040 | |a SNK |b slo |c SNK | ||
| 245 | 0 | 0 | |a Naším krajem - Vlastivědné čtení o jihozápadní Moravě |
| 260 | |a Třebíč |b Západomoravské museum | ||
| 500 | |a Popis podľa: Roč. ...; č. ..., rok ..., | ||
| 910 | |a snk | ||
| 999 | |c 12686 |d 14616 | ||
| 952 | |0 0 |1 1 |3 rekatalogizácia |4 0 |7 0 |a SNK |b SNK |d 2009-02-16 |i snk2003/4697 |l 0 |o snkČD 2280/1991 |p 17A0611302 |r 2026-02-21 20:16:48 |w 2026-02-21 |y PREZ | ||


